Normal view
MARC view
- Ardema,M.D
Entry Personal Name
001 - CONTROL NUMBER
- control field: 9039
003 - CONTROL NUMBER IDENTIFIER
- control field: NUST
005 - DATE AND TIME OF LATEST TRANSACTION
- control field: 20180119094540.0
008 - FIXED-LENGTH DATA ELEMENTS
- fixed length control field: 180119|| aca||aabn | a|a d
040 ## - CATALOGING SOURCE
- Original cataloging agency: NUST
- Transcribing agency: NUST
100 ## - HEADING--PERSONAL NAME
- Personal name: Ardema,M.D
670 ## - SOURCE DATA FOUND
- Source citation: Work cat.: (NUST)299674: Ardema,M.D, Newton-Euler Dynamics With CD, 2005
